Erkenne die Stadt nach der Sehenswürdigkeit #2 - Statistiken

Allgemein
  • Dieses Quiz wurde 109 mal gespielt
  • Das Durchschnittsergebnis liegt bei 6 aus 16
Antwortstatistiken
Bildquiz Antwort % Korrekt
München
76%
Istanbul
69%
Florenz
64%
Kuala Lumpur
63%
Prag
60%
San Francisco
56%
Toronto
51%
Bangkok
42%
Bilbao
34%
Mekka
34%
Kyoto
22%
Teheran
20%
Kiew
18%
Klagenfurt
13%
Malmö
13%
Belfast
8%
Keine übereinstimmenden Quizze gefunden
Verteilung der Resultate
Anzahl Personen mit jedem Resultat
Perzentil nach korrekt beantworteten Fragen
Ihre Resultats-Entwicklung
Sie haben dieses Quiz noch nicht gespielt